Pays par fait historique - Statistiques

Statistiques générales
  • Ce quiz a été pris 59 fois
  • Le résultat moyen est 9 sur 15
Statistiques - réponses
Question Réponse % Correct
C'est proche de ce pays que se trouve le cratère de Chicxulub, connu pour être celui créé par l'astéroïde ayant conduit à l'extinction des dinosaures. Mexique
82%
C'est le dernier pays a avoir obtenu son indépendance. Soudan du Sud
77%
La bataille de Waterloo y a eu lieu. Belgique
75%
La dernière des Sept Merveilles antiques du monde y est encore visible. Egypte
75%
Il s'agit du premier pays a avoir adopté le droit de vote à toutes les femmes. Nouvelle-Zélande
75%
Ce pays a colonisé l'Angola de 1575 jusqu'à son indépendance en 1975. Portugal
71%
La lignée de Cléopâtre VII était originaire de ce pays. Grèce
70%
Ce pays s'appelait "le Royaume de Siam" avant 1939. Thaïlande
70%
Le soulèvement de Gwangju y a eu lieu en mai 1980. Corée du Sud
57%
L'éruption d'un volcan y a entraîné "L'année sans été" en 1816. Indonésie
55%
Le génocide des Héréros et des Namas y est considéré comme le premier du XXème siècle. Namibie
50%
Les jeux olympiques d'été de 2000 s'y sont déroulés. Australie
46%
Ce pays est le premier a avoir adopté le christianisme comme religion d'Etat. Arménie
45%
L'impératrice Sissi y a été assassinée en 1898. Suisse
21%
En 1814, une inondation de bière a eu lieu dans un quartier de la capitale de ce pays. Royaume-Uni
13%
Aucun quiz correspondant
Distribution des résultats
% des personnes avec chaque résultat
Percentile par nombre de réponses
Votre historique - résultats
Vous n’avez pas pris ce quiz